| 000 | 00494nam a22001937a 4500 | ||
|---|---|---|---|
| 003 | OSt | ||
| 005 | 20140311163201.0 | ||
| 008 | 121110t xxu||||| |||| 00| 0 eng d | ||
| 020 | _a0439736153 | ||
| 050 |
_aPZ 7 _b.F325 2006 |
||
| 082 |
_aSRC _bF48 |
||
| 100 |
_aFeltes, Kim. _922784 |
||
| 245 |
_aAsk Yolanda / _cKim Feltes and Elsa Reyes, Illustrations By: Grace Chen |
||
| 260 |
_aNew york _bScholastic Inc _c2006 |
||
| 521 | _aG2 | ||
| 526 | _c340 | ||
| 942 |
_2lcc _cBK |
||
| 999 |
_c42505 _d42505 |
||